Legendary Adopt Me Pets - Statistics

General Stats
  • This quiz has been taken 364 times
    272 since last reset
  • The average score is 21 of 42
Answer Stats
# Pet % Correct
42 Unicorn
88%
13 Frost Dragon
84%
36 Shadow Dragon
83%
11 Dragon
82%
3 Bat Dragon
73%
5 Crow
72%
15 Giraffe
72%
24 Kangaroo
67%
40 Turtle
67%
31 Owl
66%
32 Parrot
64%
22 Griffin
62%
21 Golden Unicorn
60%
17 Golden Griffin
58%
41 Tyrannosaurus Rex
58%
16 Golden Dragon
56%
7 Diamond Griffin
55%
9 Diamond Unicorn
55%
6 Diamond Dragon
54%
10 Dodo
54%
12 Evil Unicorn
54%
30 Octopus
50%
14 Frost Fury
49%
37 Shark
49%
25 Kitsune
45%
2 Arctic Reindeer
44%
1 Albino Monkey
41%
26 King Bee
41%
33 Queen Bee
41%
19 Golden Penguin
39%
39 Snow Owl
38%
4 Cerberus
36%
20 Golden Rat
34%
8 Diamond Ladybug
32%
18 Golden Ladybug
32%
27 Metal Ox
29%
34 Robo Dog
25%
38 Skele-Rex
25%
28 Monkey King
21%
29 Ninja Monkey
21%
23 Guardian Lion
20%
35 Scoob
7%
No matching quizzes found
Score Distribution
Percent of People with Each Score
Percentile by Number Answered
Your Score History
You have not taken this quiz since the last reset